000 00312nam a2200145Ia 4500
003 OSt
005 20240208122812.0
008 170524s9999 xx 000 0 und d
020 _a0761993509
040 _ciimtu meerut
100 _aRAO- T V
245 0 _aHRD AUDIT
260 _bDELHI : ANMOL
942 _2ddc
_c02
999 _c8410
_d8410